000 00323pab a2200145 454500
008 180718b1998 xxu||||| |||| 00| 0 eng d
100 _aAgarwal, Abha
245 _aChild labour in glass industry
260 _c1998
300 _ap.21-23
362 _aDec
650 _aChild labour
773 _aYojana
909 _a39589
999 _c39589
_d39589